Paesi della Diaspora Italiana - Statistics

Statistiche generali
  • Questo quiz è stato fatto 3.446 volte
  • Il punteggio medio è 16 su 20
Statistiche sulle risposte
Popolazione* % Paese % Corretto
18 m 5.1 Stati Uniti
98%
5.5 m 8.0 Francia
97%
25 m 54.6 Argentina
96%
1.0 m 1.2 Germania
96%
32 m 15.1 Brasile
95%
0.26 m 0.5 Spagna
94%
1.5 m 3.8 Canada
91%
0.85 m 0.6 Messico
87%
0.50 m 0.7 Regno Unito
86%
0.53 m 5.9 Svizzera
86%
0.66 m 3.3 Cile
80%
2.0 m 3.8 Colombia
80%
5.0 m 17.6 Venezuela
77%
1.0 m 3.7 Australia
76%
1.5 m 44.3 Uruguay
75%
0.50 m 1.5 Perù
74%
2.5 m 35.9 Paraguay
70%
0.45 m 3.8 Belgio
68%
0.38 m 7.4 Costa Rica
28%
0.30 m 2.6 Repubblica Dominicana
19%
Nessun quiz corrispondente trovato
Distribuzione punteggi
Percentuale di utenti per punteggio
Percentile per numero di risposta
I tuoi punteggi nel tempo
Non hai fatto questo quiz